Satriya nrittya gita badyar hatputhi (Record no. 10350)

MARC details
000 -LEADER
fixed length control field 00427cam a2200169ua 4500
008 - FIXED-LENGTH DATA ELEMENTS--GENERAL INFORMATION
fixed length control field 191009n ii |||gr||||Z||||||asm
040 ## - CATALOGING SOURCE
Transcribing agency MAIN
082 ## - DEWEY DECIMAL CLASSIFICATION NUMBER
Classification number 394.3
100 ## - MAIN ENTRY--PERSONAL NAME
Personal name Jagannath Mahanta,
Relator term
245 ## - TITLE STATEMENT
Title Satriya nrittya gita badyar hatputhi
Statement of responsibility, etc. By Jagannath Mahanta
250 ## - EDITION STATEMENT
Edition statement 2nd ed.
260 ## - PUBLICATION, DISTRIBUTION, ETC.
Place of publication, distribution, etc. Jorhat:
Name of publisher, distributor, etc. Panchangi,
Date of publication, distribution, etc. 2018.
300 ## - PHYSICAL DESCRIPTION
Extent 350p.
942 ## - ADDED ENTRY ELEMENTS (KOHA)
Koha item type Books
653 ## - INDEX TERM--UNCONTROLLED
Uncontrolled term General customs
Holdings
Withdrawn status Lost status Damaged status Not for loan Home library Current library Shelving location Date acquired Total Checkouts Full call number Barcode Date last seen Date last checked out Copy number Price effective from Koha item type
        Central Library, Naharkatiya College Central Library, Naharkatiya College General Stacks 19/09/2020 1 394.3Assamese Folklore | MAH 26681 27/01/2024 10/01/2024 1 19/09/2020 Books
        Central Library, Naharkatiya College Central Library, Naharkatiya College General Stacks 19/09/2020 3 394.3oMAH 26682 23/12/2024 02/11/2024 2 19/09/2020 Books

Naharkatiya College © 2020. All rights reserved.

Powered By